000 01006nam a2200265 i 4500
003 DO-SdBNP
005 20250210090747.0
007 ta
008 240409b2023 dr ||||| |||| 00| 0 spa d
020 _a9789945187304
040 _aDO-SdBNP
_bspa
_cBNPHU
_erda
082 4 _222
100 1 _aZabala Lorenzo, Roque,
_d1954-
_974808
245 1 0 _aSenderos del pensamiento caribeño por su emancipación /
_cJosé Antonio Soto Rodríguez, Herbert Ramiro Pérez Concepción, Beatriz Soto Pérez, Arlety Daley Cueva, Ana Luz Torres Mustelier y otros tantos ; prólogo, Yolanda Wood prólogo
264 _aSanto Domingo :
_bBoniprinting, SRL,
_c2023.
300 _a368 páginas
_c21 cm.
336 _2rdacontent
_atexto
_btxt
337 _2rdamedia
_asin mediación
_bn
338 _2rdacarrier
_avolumen
_bnc
500 _aIncluye datos biográficos de algunos autores en las solapas
504 _aBibliografía : p. 363-367
590 _aInventariado, 2024/BT
910 _aBtavárez
942 _2ddc
_cLBS1
999 _c56311
_d56311